Integrated solid waste management : (Record no. 547985)

000 -LEADER
fixed length control field 00816pam a2200217 a 4500
020 ## - INTERNATIONAL STANDARD BOOK NUMBER
International Standard Book Number 0070632375
082 00 - DEWEY DECIMAL CLASSIFICATION NUMBER
Classification number 628.445
Author Mark TCH
-- l-23, p-72
100 1# - MAIN ENTRY--PERSONAL NAME
Personal name Tchobanoglous, George.
9 (RLIN) 4906
245 10 - TITLE STATEMENT
Title Integrated solid waste management :
Remainder of title engineering principles and management issues /
Statement of responsibility, etc. George Tchobanoglous, Hilary Theisen, Samuel Vigil.
260 ## - PUBLICATION, DISTRIBUTION, ETC.
Place of publication, distribution, etc. New York :
Name of publisher, distributor, etc. McGraw-Hill,
Date of publication, distribution, etc. c1993.
300 ## - PHYSICAL DESCRIPTION
Extent xxi, 978 p. :
Other physical details ill. ;
Dimensions 25 cm.
526 ## - STUDY PROGRAM INFORMATION NOTE
Program name 0
Interest level 0
Reading level 0
Title point value 628_445000000000000_TCH
650 #0 - SUBJECT ADDED ENTRY--TOPICAL TERM
Topical term or geographic name entry element Hazardous wastes.
650 #0 - SUBJECT ADDED ENTRY--TOPICAL TERM
Topical term or geographic name entry element MCE
9 (RLIN) 379
650 #0 - SUBJECT ADDED ENTRY--TOPICAL TERM
Topical term or geographic name entry element Refuse and refuse disposal.
9 (RLIN) 4787
700 1# - ADDED ENTRY--PERSONAL NAME
Personal name Theisen, Hilary.
9 (RLIN) 21042
700 1# - ADDED ENTRY--PERSONAL NAME
Personal name Vigil, S. A.
9 (RLIN) 21043
856 41 - ELECTRONIC LOCATION AND ACCESS
Uniform Resource Identifier <a href="http://www.loc.gov/catdir/toc/mh021/92035582.html">http://www.loc.gov/catdir/toc/mh021/92035582.html</a>
856 42 - ELECTRONIC LOCATION AND ACCESS
Uniform Resource Identifier <a href="http://www.loc.gov/catdir/description/mh022/92035582.html">http://www.loc.gov/catdir/description/mh022/92035582.html</a>
942 ## - ADDED ENTRY ELEMENTS (KOHA)
Source of classification or shelving scheme
Koha item type Book
Holdings
Withdrawn status Lost status Source of classification or shelving scheme Damaged status Not for loan Permanent Location Current Location Date acquired Total Checkouts Full call number Barcode Date last seen Price effective from Koha item type
          Military College of Engineering (MCE) Military College of Engineering (MCE) 08/13/2014   628.445 TCH MCE-28517 08/13/2014 08/13/2014 Book
© 2023 Central Library, National University of Sciences and Technology. All Rights Reserved.